000 00801nam a2200217 i 4500
001 125874
003 ES-MaACL
005 20230906192720.0
007 t|
008 070214s1962 sp r ||||1| spa d
245 0 0 _aReglamento de la Hacienda municipal de Barcelona
_b: (Decreto 2086/1961, de 9 de noviembre) /
_ctexto anotado y concordado por Francisco López Nieto y Mallo y Carlos Tejera Victory.
260 _aBarcelona :
_bAnábasis,
_c1962.
300 _a187 p. ;
_c22 cm.
490 1 _aTextos anotados ;
_vTA 1
650 4 _aHacienda pública-
_zBarcelona.
_9168548
700 1 _aLópez Nieto y Mallo, Francisco.
_973827
700 1 _aTejera Victory, Carlos.
_9109587
830 0 _aTextos anotados ;
_vTA 1
_9182595
852 _aES-MaACL
_jP-1022-Ter
_bR.51224
999 _c125874
_d125874